A Nurse's Survival Guide to Acute Medical Emergencies / (Record no. 184854)

MARC details
000 -LEADER
fixed length control field 02265nam a22003137i 4500
005 - DATE AND TIME OF LATEST TRANSACTION
control field 20210920223709.0
008 - FIXED-LENGTH DATA ELEMENTS--GENERAL INFORMATION
fixed length control field 210907t20192019 a|||e |||| 00| 0 eng d
020 ## - INTERNATIONAL STANDARD BOOK NUMBER
International Standard Book Number 9780702076664
Terms of availability RM145.19
Qualifying information paperback
040 ## - CATALOGING SOURCE
Original cataloging agency PPAK
Language of cataloging eng
Transcribing agency PPAK
Description conventions rda
082 04 - DEWEY DECIMAL CLASSIFICATION NUMBER
Edition number 23
Classification number 610.7361
090 00 - LOCALLY ASSIGNED LC-TYPE CALL NUMBER (OCLC); LOCAL CALL NUMBER (RLIN)
Classification number (OCLC) (R) ; Classification number, CALL (RLIN) (NR) 610.7361
Feature heading HAR
Feature heading R
100 1# - MAIN ENTRY--PERSONAL NAME
Personal name Harrison, Richard,
Relator term author.
245 12 - TITLE STATEMENT
Title A Nurse's Survival Guide to Acute Medical Emergencies /
Statement of responsibility, etc. Richard Harrison, Lynda Daly
250 ## - EDITION STATEMENT
Edition statement Third Updated Edition
264 #1 - PRODUCTION, PUBLICATION, DISTRIBUTION, MANUFACTURE, AND COPYRIGHT NOTICE
Place of production, publication, distribution, manufacture Edinburgh :
Name of producer, publisher, distributor, manufacturer ELSEVIER,
Date of production, publication, distribution, manufacture, or copyright notice 2019
Date of production, publication, distribution, manufacture, or copyright notice ©2019
300 ## - PHYSICAL DESCRIPTION
Extent xxiv, 441 pages :
Other physical details colour illustration ;
Dimensions 23 cm
336 ## - CONTENT TYPE
Source rdacontent
Content type term text
337 ## - MEDIA TYPE
Source rdamedia
Media type term unmediated
338 ## - CARRIER TYPE
Source rdacarrier
Carrier type term volume
490 1# - SERIES STATEMENT
Series statement Nurse's survival guide
504 ## - BIBLIOGRAPHY, ETC. NOTE
Bibliography, etc. note Bibliography : page 430.
520 ## - SUMMARY, ETC.
Summary, etc. Are you a nurse, a physician's associate or a medical student in an acute or emergency unit?<br/><br/>This is your indispensable primer of acute medical care - a pocket guide to caring for patients with acute medical conditions.<br/><br/>This book will help you to<br/>care for patients in the first critical 24 hours of admission<br/>manage patients using the most up-to-date evidence based approach<br/>understand the most common emergency medical conditions and their underlying disease mechanisms<br/>handle the patient's assessment , understand the observations and manage their disease<br/>easily obtain clear practical advice<br/>know what to tell the patient and relatives using jargon-free language<br/>access information on SARS, avian influenza and bio-terrorism<br/><br/>This updated edition<br/><br/>contains improved sections on stroke care, diabetes and sepsis,<br/>introduces the NEWS 2 observation chart<br/>has revised its case histories in line with current practice<br/><br/>This updated edition:<br/><br/>contains improved sections on stroke care, diabetes and sepsis, introduces the NEWS 2 observation chart, has revised its case histories in line with current practice, improved sections on stroke care, diabetes and sepsis, introduction of the NEWS 2 observation chart revised case histories in line with current practice.<br/>
650 10 - SUBJECT ADDED ENTRY--TOPICAL TERM
Topical term or geographic name entry element Emergency nursing
Topical term or geographic name entry element Medical emergencies
700 1# - ADDED ENTRY--PERSONAL NAME
Personal name Daly, Lynda,
Relator term author.
830 #0 - SERIES ADDED ENTRY--UNIFORM TITLE
Uniform title Nurse's survival guide
942 ## - ADDED ENTRY ELEMENTS (KOHA)
Source of classification or shelving scheme Dewey Decimal Classification
Koha item type Book
Holdings
Withdrawn Not for loan Current library Shelving location Date acquired Full call number Barcode Date last seen Koha item type
  Not For Loan Perpustakaan Alor Setar Rujukan Dewasa 14/10/2021 R 610.7361 HAR A01700313 14/10/2021 Book